LEADER 02517 am 2200649 n 450 001 9910214919803321 005 20170131 010 $a2-86906-452-7 024 7 $a10.4000/books.pufr.4426 035 $a(CKB)3710000001633568 035 $a(FrMaCLE)OB-pufr-4426 035 $a(oapen)https://directory.doabooks.org/handle/20.500.12854/60110 035 $a(PPN)202673111 035 $a(EXLCZ)993710000001633568 100 $a20170601j|||||||| ||| 0 101 0 $afre 135 $auu||||||m|||| 181 $ctxt$2rdacontent 182 $cc$2rdamedia 183 $acr$2rdacarrier 200 10$aStratégies de la métaphore /$fPierre Gault 210 $aTours $cPresses universitaires François-Rabelais$d2017 215 $a1 online resource (152 p.) 330 $a"Lorsqu'on lit, il faudrait remarquer et savourer les détails. Il n'y a rien à redire au clair de lune des idées générales lorsqu'il intervient après que l'on a recueilli avec amour tous les petits éclats de soleil du livre." Ainsi s'exprime Nabokov dans la définition des "Bons Lecteurs et Bons Ecrivains" qui introduit le recueil de ses cours de Littérature. La naïve métaphore astrale indique sans ambages que toute lecture est reconstruction de l'univers et qu'une attention vigoureuse et solaire au présent de l'écriture, en apprendra plus sur le monde qu'une reconsidération lunaire et raisonneuse. 606 $aLiterature, British Isles 606 $aLiterature American 606 $amétaphore 606 $alittérature 606 $alecture 606 $adétail 610 $amétaphore 610 $alittérature 610 $alecture 610 $adétail 615 4$aLiterature, British Isles 615 4$aLiterature American 615 4$amétaphore 615 4$alittérature 615 4$alecture 615 4$adétail 700 $aAtherton$b John$0859486 701 $aAuberty$b Monique$01285416 701 $aDelechelle$b Gérard$01285405 701 $aFernandez$b Danielle$01285417 701 $aGault$b Pierre$01285418 701 $aMenget$b Maryvonne$01285419 701 $aPion$b Bleuette$01285420 701 $aRegis$b J.P$01285421 701 $aRuf$b Liliane$01285422 701 $aTurpin$b Michel$01285423 701 $aVeitch$b D. Michael$01285424 701 $aGault$b Pierre$01285418 801 0$bFR-FrMaCLE 906 $aBOOK 912 $a9910214919803321 996 $aStratégies de la métaphore$93019574 997 $aUNINA LEADER 06086nam 2200793 450 001 9910797118603321 005 20230626053829.0 010 $a1-4426-5671-9 010 $a1-4426-3340-9 024 7 $a10.3138/9781442656710 035 $a(CKB)3710000000431856 035 $a(EBL)3432040 035 $a(OCoLC)911856045 035 $a(SSID)ssj0001518386 035 $a(PQKBManifestationID)12580648 035 $a(PQKBTitleCode)TC0001518386 035 $a(PQKBWorkID)11509119 035 $a(PQKB)11130155 035 $a(CEL)418052 035 $a(OCoLC)918589111 035 $a(CaBNVSL)slc78143309 035 $a(MiAaPQ)EBC3432040 035 $a(MiAaPQ)EBC4669541 035 $a(DE-B1597)479130 035 $a(OCoLC)979581166 035 $a(DE-B1597)9781442656710 035 $a(Au-PeEL)EBL4669541 035 $a(CaPaEBR)ebr11256073 035 $a(MdBmJHUP)musev2_107116 035 $a(EXLCZ)993710000000431856 100 $a20160920h20002000 uy 0 101 0 $aeng 135 $aur|n|---||||| 181 $ctxt 182 $cc 183 $acr 200 10$aBeasley's guide to library research /$fDavid Beasley 210 1$aToronto, [Ontario] ;$aBuffalo, [New York] ;$aLondon, [England] :$cUniversity of Toronto Press,$d2000. 210 4$d©2000 215 $a1 online resource (219 p.) 225 0 $aHeritage 300 $aRevised edition of: How to use a research library. 311 $a0-8020-4782-3 311 $a0-8020-8328-5 320 $aIncludes bibliographical references and index. 327 $aCover -- Contents -- Preface -- Quick Reference Guide -- How to Obtain a Book or Periodical -- Requesting a Publication -- CD-ROMs as Indexing Services -- Filing Request Slips -- Publications in Microform -- Interlibrary Loan (ILL) -- Research on the Internet -- Librarians and How to Deal with Them -- Rules and How to Deal with Them -- 1 General Approach to the Research Library -- What a Research Library Offers -- Where to Begin -- Online Searching -- The Terminal -- Networks -- Information Retrieval Services -- Data Banks or Databases -- Strategy -- When Not to Use Online Retrieval -- 2 Catalogues and How to Use Them -- Card Catalogues -- Filing Quirks -- Locating Series Volumes or Other Parts of Works -- Requesting a Work from the Catalogue -- Book Catalogues -- NYPL Dictionary Catalog of the Research Libraries, 1911-71 -- Automated Book Catalogues -- Interim List -- Carlyle System -- Different Cataloguing Arrangements -- Other Types of Catalogues in Research Libraries -- Open-Shelf Reference Books -- The Request Slip -- Supplementary Catalogues -- Authority Catalogues -- Deferred Catalogues -- Special Catalogues -- NYPL Catalog of Government Publications in The Research Libraries -- Supplementary Catalogues -- Publications on Microform -- 3 Tools of Research -- The Bibliography: Its Forms and Uses -- Bibliographies to Books -- Checklists -- Annotated Bibliographies -- Bibliographies of Biographies -- Bibliographies of Monograph Series -- Bibliographies of Directories -- Periodical Indexes -- Indexes to Newspapers -- Indexes to Literature Reviews -- Indexes That Give Abstracts -- Indexes to Special Issues of Periodicals -- Bibliographical Lists, Citation Indexes, Reports -- Primary Information and Current Facts -- Special Materials -- Government Publications -- Microfiche Collections of Documents Made by Commercial Companies. 327 $aCooperative Systems and Interlibrary Loans -- RLIN (Research Libraries Information Network) -- OCLC (Online Computer Library Center) -- UTLAS (University of Toronto Library Automation Systems) -- WLN (Washington [State] Library Network) -- Library Consortiums -- METRO (Metropolitan New York Library Council) System -- (CRL) Center for Research Libraries, Chicago -- European Services -- Videotex -- Levels of Research -- Summing Up -- 4 Research in Depth -- Retrievable Information: Analysing the Subject -- Approaches to Retrievable Information -- The Researchers -- The Historical Approach -- The Geographic Approach -- The Subject Approach -- Other Approaches -- When to Use Bibliographies, Indexes, Books, Periodicals, and Manuscripts as Exemplified by Subject Area -- General Knowledge -- Humanities -- Social Sciences -- Sciences -- Special Collections -- Researching in the Performing Arts -- Theatre -- Music -- Dance -- Medical Libraries -- Law -- General Rules for When to Use What -- When to Use Other Libraries -- The Microform Problem -- How to Deal with It -- Appendix: World's Major Research Libraries and Methods of Approach -- The New York Public Library -- Harvard University Library -- British Library (England) -- Bibliotheque Nationale (France) -- State V.I. Lenin Library of the Russian Federation -- Saltykov-Schchedrin State Public Library -- National Library of China -- National Diet Library (Japan) -- U.S. Library of Congress -- The Library of Parliament (Canada) -- Brief Bibliography -- Index -- A -- B -- C -- D -- E -- F -- G -- H -- I -- J -- K -- L -- M -- N -- O -- P -- Q -- R -- S -- T -- U -- V -- W -- X -- Y. 330 $aWritten and organized for easy access, the reader is guided step-by-step through library rules and methods of operation, the effective use of various cataloguing systems, and the location of materials. 606 $aLibrary research$vHandbooks, manuals, etc 606 $aResearch libraries$vHandbooks, manuals, etc 606 $aResearch$xMethodology$vHandbooks, manuals, etc 608 $aGuides et manuels. 608 $aHandbooks and manuals. 608 $aHandbooks and manuals. 608 $aHandbook 608 $aElectronic books. 615 0$aLibrary research 615 0$aResearch libraries 615 0$aResearch$xMethodology 676 $a025.524 700 $aBeasley$b David R.$f1931-$01534214 701 $aBeasley$b David R.$f1931-$01534214 801 0$bMiAaPQ 801 1$bMiAaPQ 801 2$bMiAaPQ 906 $aBOOK 912 $a9910797118603321 996 $aBeasley's guide to library research$93781577 997 $aUNINA